| 000 | 00715nam a22001337a 4500 | ||
|---|---|---|---|
| 040 | _cRUA | ||
| 082 | _aAGR CHH B535 2015 Or. | ||
| 100 | _aCHHORN CHANLEANG; ឆន ចាន់លាង | ||
| 245 | _aEffectiveness of using imo different quality on radish chines at royal university of agriculture; ឥទ្ធិពលនៃការប្រើប្រាស់ជី IMO ក្នុងបរិមាណខុសគ្នាទៅលើដំណាំឆៃថាវ ក្នុងលក្ខខណ្ឌសាកលវិទ្យាល័យភូមិន្ទកសិកម្ម | ||
| 260 |
_aRUA _bPhnom Penh _c2015 |
||
| 300 |
_axii ;41p. _bill. _c29cm. |
||
| 856 | _uCHHORN CHANLEANG | ||
| 942 | _cAGR | ||
| 999 |
_c10987 _d10987 |
||